| 000 | 00615nam a2200181Ia 4500 | ||
|---|---|---|---|
| 008 | 140609s9999 xx 000 0 und d | ||
| 020 | _a9789715426947 | ||
| 050 |
_aDS 688.B4 _b.R127 2012 |
||
| 100 | _aRagragio, Andrea Malaya M. | ||
| 245 |
_aArchaeology and emerging kabikolan / _cAndrea Malaya M. Ragragio, |
||
| 260 |
_aQuezon , Philippines : _bThe University of the Philippines Press, _cc2012. |
||
| 300 |
_a260 p. : _bill. ; _c23 cm. |
||
| 500 | _aIncludes bibliographical references and index. | ||
| 521 | _aGE | ||
| 650 |
_a Archaeology _xPhilippines -- Bicol. |
||
| 942 |
_kLOC _cBK |
||
| 999 |
_c118158 _d118158 |
||